Práca v zahraničí a daň z príjmov

Zdroj príjmov z činností vykonávaných na území Slovenskej republiky a medzinárodné zmluvy o zamedzení dvojitého zdanenia. Príklady.

Salvato in:
Dettagli Bibliografici
Autore principale: Brezinová, Miroslava
Natura: Capitolo di libro
Lingua:slovacco
Soggetti:
Tags: Aggiungi Tag
Nessun Tag, puoi essere il primo ad aggiungerne!!

MARC

LEADER 00000naa$a2200000$$$4500
001 0005843
005 20230919094142.7
041 0 |a slo 
044 |a SK 
245 1 0 |a Práca v zahraničí a daň z príjmov  |c aut. Miroslava Brezinová 
520 |a Zdroj príjmov z činností vykonávaných na území Slovenskej republiky a medzinárodné zmluvy o zamedzení dvojitého zdanenia. Príklady. 
610 2 0 |a práca v zahraničí 
610 2 0 |a dane z príjmov 
610 2 0 |a povinnosť daňová 
610 2 0 |a rezidenti 
610 2 0 |a nerezidenti 
100 1 |a Brezinová, Miroslava